000 00582cam a22002053a 4500
001 43893
003 PGUSA
005 20140828084011.0
008 131005s2013||||xxu|||||s|||||000 | eng d
040 _aPGUSA
_beng
042 _adc
100 1 _aCollins, Wilkie,
_d1824-1889
245 1 0 _aMy Miscellanies, Vol. 1 (of 2)
_h[electronic resource] /
_cWilkie Collins
260 _bProject Gutenberg,
_c2013
506 _aPublic domain in the USA.
516 _aElectronic text
830 0 _aProject Gutenberg
_v43893
856 4 0 _uhttp://www.gutenberg.org/ebooks/43893
942 _cEB
999 _c273144
_d273144